Velvet Goldmine /
Guardat en:
| Altres autors: | , |
|---|---|
| Format: | |
| Idioma: | italià |
| Publicat: |
[Milano] :
Lucky Red home video,
1998
|
| Etiquetes: |
Sense etiquetes, Sigues el primer a etiquetar aquest registre!
|
MARC
| LEADER | 00000ngm a22000007i 4500 | ||
|---|---|---|---|
| 001 | IT\ICCU\UBO\1268604 | ||
| 003 | ItRI | ||
| 005 | 20260124182821.0 | ||
| 008 | 010419s1998 it |||||||||||||||k|||||c | ||
| 028 | 4 | 2 | |a 515583 |
| 040 | |b ita | ||
| 041 | 7 | |a ita |2 ISO-639-2 | |
| 245 | 0 | 0 | |a Velvet Goldmine / |c un film scritto e diretto da Todd Haynes. |
| 260 | |a [Milano] : |b Lucky Red home video, |c 1998 | ||
| 300 | |a 1 videocassetta (VHS) (ca. 123 min.) : |b color. (PAL), son. (Dolby surround) | ||
| 500 | |a Interpreti: Ewan Mcgregor | ||
| 500 | |a Ripr. del film del 1998 | ||
| 500 | |a Vietato ai minori di anni 14 | ||
| 500 | |a Descrizione basata sul contenitore. | ||
| 700 | 1 | |a McGregor, Ewan |0 IT\ICCU\RAVV\099560 | |
| 700 | 1 | |a Haynes, Todd |0 IT\ICCU\UBOV\490835 | |
| 942 | |2 ddc |c VM |n 0 | ||
| 952 | |0 0 |1 0 |4 0 |6 VO_1580_000000000000000 |7 0 |9 26827 |a BO |b BO |d 2026-01-24 |i 11978 |l 0 |o VO 1580 |p BO11978 |r 2026-01-24 18:28:21 |w 2026-01-24 |x [Sebina 5] [1 videocassetta] |y VM |z 1 videocassetta | ||
| 999 | |c 22693 |d 22693 | ||